Footballeur par image - Allemagne - Statistiques

Statistiques générales
  • Ce quiz a été pris 242 fois
  • Le résultat moyen est 14 sur 16
Statistiques - réponses
Par images Réponse % Correct
Mesut Ozil
98%
Toni Kroos
97%
Antonio Rudiger
95%
Manuel Neuer
95%
Jamal Musiala
92%
Ilkay Gündogan
90%
Marc-André ter Stegen
90%
Joshua Kimmich
89%
Franz Beckenbauer
88%
Oliver Kahn
88%
Philipp Lahm
88%
Miroslav Klose
87%
Gerd Muller
86%
Serge Gnabry
85%
Lothar Matthaus
70%
Karl-Heinz Rummenigge
23%
Aucun quiz correspondant
Distribution des résultats
% des personnes avec chaque résultat
Percentile par nombre de réponses
Votre historique - résultats
Vous n’avez pas pris ce quiz